| 000 | 00592nam a2200229Ia 4500 | ||
|---|---|---|---|
| 003 | OSt | ||
| 005 | 20220926022810.0 | ||
| 006 | a|||||r|||| 00| 0 | ||
| 007 | ta | ||
| 008 | 220923b |||||||| |||| 00| 0 eng d | ||
| 037 | _cGeneral Book | ||
| 040 |
_aRTL _cRTL _beng |
||
| 041 |
_2eng _aeng |
||
| 082 | _aB33,7, K2 | ||
| 100 |
_aMinorsky N _9328280 |
||
| 245 | 0 | _aNonlinear oscillations | |
| 260 |
_aNew York _bVan Nostrand.c _c1969 |
||
| 300 |
_axviii,706p _ccm. |
||
| 650 | _aEquations | ||
| 942 |
_hB33,7, K2 _cGB _2CC |
||
| 999 |
_c640290 _d640290 |
||